Koronavírus - výzva pre wellness bakalárska práca

Gespeichert in:
Bibliographische Detailangaben
1. Verfasser: Špániková, Martina
Körperschaft: Obchodná fakulta EU. Katedra služieb a cestovného ruchu - zrušené
Weitere Verfasser: Šuterová, Viola, 1957-
Format: Buch
Sprache:Slowakisch
Veröffentlicht: Bratislava 2021
Tags: Tag hinzufügen
Keine Tags, Fügen Sie das erste Tag hinzu!

MARC

LEADER 00000nbm a2200000 4500
001 0275923
005 20220203121141.8
041 0 |a slo 
044 |a SK 
245 1 0 |a Koronavírus - výzva pre wellness  |b bakalárska práca  |c Martina Špániková ; školiteľ: Viola Šuterová 
264 1 |a Bratislava  |c 2021 
300 |a 61 s. 
100 1 |a Špániková, Martina 
700 1 |a Šuterová, Viola, 1957- 
710 2 |a Obchodná fakulta EU. Katedra služieb a cestovného ruchu - zrušené